000 00753cam a22002653a 4500
001 21019
003 PGUSA
005 20140828083440.0
008 070410s2007||||xxu|||||s|||||000 | eng d
040 _aPGUSA
_beng
042 _adc
050 4 _aQH
100 1 _aDennert, Eberhard,
_d1861-1942
245 1 0 _aAt the Deathbed of Darwinism :
_bA Series of Papers
_h[electronic resource] /
_cEberhard Dennert
260 _bProject Gutenberg,
_c2007
506 _aPublic domain in the USA.
516 _aElectronic text
653 _aEvolution
653 _aNatural selection
700 1 _aO'Harra, Edwin V.
700 1 _aPeschges, John H.
830 0 _aProject Gutenberg
_v21019
856 4 0 _uhttp://www.gutenberg.org/ebooks/21019
942 _cEB
999 _c250274
_d250274